|
|
|
|
| LEADER |
00000nab a2200000 a 4500 |
| 001 |
vtls000547364 |
| 003 |
SK-MaSNL |
| 005 |
20260304090337.0 |
| 008 |
250425c1995 xo 0 slo |
| 015 |
|
|
|a SNBRB19rr/mm-uuuuu
|
| 035 |
|
|
|a CL0547502
|
| 035 |
|
|
|a urn:nbn:sk:snk-abe0m
|
| 035 |
|
|
|a (urnnbn)urn:nbn:sk:snk:ar-a03w49
|
| 035 |
|
|
|a (uuid)4d67b4c9-22b2-4e52-aa00-a596a9ffddfe
|
| 040 |
|
|
|a SNKBUCL
|b slo
|c SNKBUCL
|e AACR2
|
| 041 |
0 |
|
|a slo
|
| 044 |
|
|
|a xo
|c SK
|
| 080 |
|
|
|a 070.41
|2 1981
|
| 100 |
1 |
|
|a Droppa, Boris,
|d 1934-2004
|4 aut
|9 92725
|
| 245 |
1 |
0 |
|a Rozpätie a parametre rozšírenej správy
|b (Prvky, prostriedky, postupy, profily)
|c Boris Droppa
|
| 300 |
|
|
|b Res. angl., lit. 6 zázn. v slov.
|
| 650 |
0 |
7 |
|a správa rozšírená
|2 snkbucl
|9 1381213
|
| 650 |
0 |
7 |
|a objasňovanie
|2 snkbucl
|9 817218
|
| 650 |
0 |
7 |
|a príkladovanie
|2 snkbucl
|9 1381214
|
| 655 |
|
7 |
|a články z novín a časopisov
|2 snkbucl
|9 267496
|
| 773 |
0 |
|
|t Otázky žurnalistiky
|g Roč. 38, č. 1 (1995), s. 45-48
|
| 850 |
|
|
|a Slovenská národná knižnica
|
| 852 |
|
|
|a Slovenská národná knižnica
|
| 954 |
|
|
|a odborná, vedecká literatúra pôvodná (slovenská)
|2 lita
|
| 958 |
|
|
|a article27
|
| 958 |
|
|
|a NB
|
| 958 |
|
|
|a RK
|
| 958 |
|
|
|a OND
|
| 958 |
|
|
|a EUIPO
|
| 992 |
|
|
|a RBX
|
| 999 |
|
|
|c 2811166
|d 2813096
|